Propuesta de un plan estratégico para el fortalecimiento y desarrollo organizacional de la Asociación de Propietarios de Pequeños Hoteles de Nicaragua
Presenta el diseño de una propuesta de plan estratégico para el fortalecimiento y desarrollo organizacional de la Asociación de Propietarios de Hoteles Pequeños de Nicaragua. La implantación de este plan estratégico es encaminada a lograr una mejor identificación, jerarquización y aprovecham...
| Main Authors: | , , |
|---|---|
| Other Authors: | |
| Format: | Tesis Section = Libro |
| Language: | Undetermined Spanish |
| Published: |
Managua
UNI
2017
|
| Subjects: |
| LEADER | 01426nam a2200301Ia 4500 | ||
|---|---|---|---|
| 008 | 240830s9999 xx 000 0 und d | ||
| 040 | |a BIBLIOTECA-RUPAP T.Mon 658.4012 O83 | ||
| 041 | |a spa | ||
| 082 | |a T.Mon 658.4012 O83 | ||
| 100 | 1 | |a Osorio Sánchez, Joseph Stevens | |
| 100 | 1 | |b González Estrada, Elías Antonio | |
| 100 | 1 | |c Mejía Bonilla, Remigio José | |
| 245 | 1 | 0 | |a Propuesta de un plan estratégico para el fortalecimiento y desarrollo organizacional de la Asociación de Propietarios de Pequeños Hoteles de Nicaragua |
| 260 | |a Managua |b UNI |c 2017 | ||
| 300 | |a 52 p. :il. | ||
| 500 | |a Contiene: anexos y CD. | ||
| 502 | |a Tesis (Ingeniero de Sistemas)- UNI, 2017. | ||
| 520 | 3 | |a Presenta el diseño de una propuesta de plan estratégico para el fortalecimiento y desarrollo organizacional de la Asociación de Propietarios de Hoteles Pequeños de Nicaragua. La implantación de este plan estratégico es encaminada a lograr una mejor identificación, jerarquización y aprovechamiento de oportunidades, la asignación efectiva de los recursos a las oportunidades- | |
| 650 | 7 | |a PLANIFICACION ORGANIZACIONAL | |
| 650 | 7 | |b ESTRATEGIA ADMINISTRATIVA | |
| 650 | 7 | |c PLAN ESTRATEGICO | |
| 650 | 7 | |d ANALISIS FODA | |
| 650 | 7 | |e DESARROLLO EMPRESARIAL | |
| 650 | 7 | |f HOTELES-NICARAGUA | |
| 700 | 1 | |a Tutor: |b Castellón Estrada, Rosa Elena | |
| 942 | |c BK |2 ddc | ||
| 991 | |a TESIS | ||
| 999 | |c 18588 | ||